| 000 | 01547cam a22004574i 4500 | ||
|---|---|---|---|
| 003 | PE-LiUPU | ||
| 005 | 20250731172945.0 | ||
| 008 | 150623s1995 miua r 000 0 eng d | ||
| 020 | _a0310925681 | ||
| 035 | _a(Sirsi) i9780310925682 | ||
| 040 |
_aPE-LiUPU _bspa _cPE-LiUPU _erda |
||
| 049 | _aPRUA | ||
| 082 | 0 | 4 |
_a220.5 _bN57 _221 |
| 130 |
_aBiblia. _lInglés. _f1995. _sNew International Version. |
||
| 245 | 1 | 4 |
_aThe NIV study Bible / _cEditado por Kenneth Barker. |
| 264 | 1 |
_aMichigan : _bZondervan Publishing House, _c1995. |
|
| 300 |
_a2172 páginas : _bilustraciones ; _c24 centímetros |
||
| 336 |
_atext _2rdacontent |
||
| 337 |
_aunmediated _2rdamedia |
||
| 338 |
_avolume _2rdacarrier |
||
| 505 | 0 | _aThe books of Bible. | |
| 526 | _aSEG42 | ||
| 526 | _aSEG41 | ||
| 526 | _aSEG40 | ||
| 526 | _aSEG39 | ||
| 526 | _aP94 | ||
| 526 | _aP87 | ||
| 526 | _aP86 | ||
| 526 | _aP85 | ||
| 526 | _aP77 | ||
| 526 | _aP76 | ||
| 526 | _aP35 | ||
| 630 |
_aBiblia. _lInglés. _f1995. _sNew International Version. |
||
| 700 | 1 |
_aBarker, Kenneth, _eed. |
|
| 942 |
_2ddc _cBOOK |
||
| 949 |
_a220.5 N57 _wDEWEY _c1 _i44725 _d2016-1-29 _e2016-1-29 _lCCODEBUL1 _mBUL _n2 _r0 _sY _tBOOK _u2015-6-24 _xTEOLOGIA _PP35 _0COMPRA _o.STAFF. Colección General |
||
| 994 |
_aC0 _bPEPRU |
||
| 596 | _a1 | ||
| 999 |
_a220.5 N57 _wDEWEY _c21591 _i44725 _d21591 _e2018-9-10 _f2021-11-9 _g5 _lCCODEBUL1 _mBUL _n3 _p21.00 _q10 _r0 _sY _tBOOK _u2015-6-24 _xTEOLOGIA _PP35 _0COMPRA _o.STAFF. Colección Teología |
||
| 980 |
_81 _gALBERTO SANCHEZ Responsable de Automatización |
||